<?xml version="1.0" encoding="UTF-8"?>
<collection xmlns="http://www.loc.gov/MARC21/slim">
 <record>
  <leader>02277nam a2200373   4500</leader>
  <controlfield tag="001">DLU130158519</controlfield>
  <controlfield tag="005">##20131226</controlfield>
  <datafield tag="040" ind1="#" ind2="#">
   <subfield code="a">DLU</subfield>
   <subfield code="b">vie</subfield>
  </datafield>
  <datafield tag="041" ind1="#" ind2="#">
   <subfield code="a">vie</subfield>
  </datafield>
  <datafield tag="044" ind1="#" ind2="#">
   <subfield code="a">vn</subfield>
  </datafield>
  <datafield tag="082" ind1="#" ind2="#">
   <subfield code="a">634</subfield>
   <subfield code="b">Kyt</subfield>
  </datafield>
  <datafield tag="245" ind1="#" ind2="#">
   <subfield code="a">Kỹ thuật trồng vườn rừng /</subfield>
   <subfield code="c">Hoàng Lâm, Trịnh sưu tầm, biên soạn.</subfield>
  </datafield>
  <datafield tag="260" ind1="#" ind2="#">
   <subfield code="a">H. :</subfield>
   <subfield code="b">Thanh niên,</subfield>
   <subfield code="c">2013.</subfield>
  </datafield>
  <datafield tag="300" ind1="#" ind2="#">
   <subfield code="a">262 tr. ;</subfield>
   <subfield code="c">21 cm.</subfield>
  </datafield>
  <datafield tag="490" ind1="#" ind2="#">
   <subfield code="a">Tủ sách nông nghiệp - xây dựng nông thôn mới.</subfield>
  </datafield>
  <datafield tag="505" ind1="#" ind2="#">
   <subfield code="a">Phần I. Kỹ thuật trồng rừng cây ăn quả -- Chương 1. Kỹ thuật trồng và chăm sóc thanh trà -- Chương 2. Kỹ thuật trồng cây dứa -- Chương 3. Kỹ thuật trồng cây lê -- Chương 4. Kỹ thuật trồng cây mơ -- Chương 5. Kỹ thuật trồng đào ăn quả -- Chương 6. Kỹ thuật trồng cây bơ.</subfield>
  </datafield>
  <datafield tag="505" ind1="#" ind2="#">
   <subfield code="a">Phần II. Kỹ thuật trồng vườn cây công nghiệp -- Chương 1. Kỹ thuật trồng cây cà phê -- Chương 2. Kỹ thuật trồng cây cao su -- Chương 3. Kỹ thuật trồng và chăm sóc cây hồ tiêu -- Chương 4. Kỹ thuật trồng cây điều -- Chương 5. Kỹ thuật trồng cây hồi -- Chương 6. Kỹ thuật trồng rừng quế.</subfield>
  </datafield>
  <datafield tag="505" ind1="#" ind2="#">
   <subfield code="a">Phần III. Kỹ thuật trồng rừng gỗ -- Chương 1. Kỹ thuật trồng mămg điềm trúc -- Chương 2. Kỹ thuật trồng keo lá tràm -- Chương 3. Kỹ thuật trồng và chăm sóc rừng giáng hương -- Chương 4. Kỹ thuật trồng và chăm sóc rừng bạch đàn đỏ và trắng lá nhỏ -- Chương 5. Kỹ thuật trồng và chăm sóc trầm hương -- Chương 6. Kỹ thuật gây trồng cây sưa -- Chương 7. Kỹ thuật trồng rừng sao đen -- Chương 8. Quy trình kỹ thuật trồng rừng tếch -- Chương 9. Quy trình kĩ thuật trồng rừng chàm.</subfield>
  </datafield>
  <datafield tag="650" ind1="#" ind2="#">
   <subfield code="a">Cây ăn quả.</subfield>
  </datafield>
  <datafield tag="650" ind1="#" ind2="#">
   <subfield code="a">Rừng và lâm nghiệp.</subfield>
  </datafield>
  <datafield tag="650" ind1="#" ind2="#">
   <subfield code="a">Trồng trọt.</subfield>
  </datafield>
  <datafield tag="700" ind1="#" ind2="#">
   <subfield code="a">Trịnh sưu tầm,</subfield>
   <subfield code="e">biên soạn.</subfield>
  </datafield>
  <datafield tag="700" ind1="#" ind2="#">
   <subfield code="a">Hoàng Lâm,</subfield>
   <subfield code="e">biên soạn.</subfield>
  </datafield>
  <datafield tag="923" ind1="#" ind2="#">
   <subfield code="a">06/2013</subfield>
  </datafield>
  <datafield tag="991" ind1="#" ind2="#">
   <subfield code="a">SH</subfield>
  </datafield>
  <datafield tag="992" ind1="#" ind2="#">
   <subfield code="a">64000</subfield>
  </datafield>
  <datafield tag="994" ind1="#" ind2="#">
   <subfield code="a">DLU</subfield>
  </datafield>
  <datafield tag="900" ind1="#" ind2="#">
   <subfield code="a">True</subfield>
  </datafield>
  <datafield tag="911" ind1="#" ind2="#">
   <subfield code="a">Đào Thị Thu Huyền</subfield>
  </datafield>
  <datafield tag="925" ind1="#" ind2="#">
   <subfield code="a">G</subfield>
  </datafield>
  <datafield tag="926" ind1="#" ind2="#">
   <subfield code="a">A</subfield>
  </datafield>
  <datafield tag="927" ind1="#" ind2="#">
   <subfield code="a">SH</subfield>
  </datafield>
  <datafield tag="980" ind1="#" ind2="#">
   <subfield code="a">Thư viện Trường Đại học Đà Lạt</subfield>
  </datafield>
 </record>
</collection>
